00867nam a2200193 a 450000100100000000500170001000800410002704000250006808200170009310000350011024501020014526000620024730000210030950001340033065000620046404900090052695201210053599900170065600001922820200929165945.0100528s1961 sp r 000 0 spa d aDO-SdBNPbspacBNPHU a860.09bA4541 aAlonso Pedraz, Martín94136110aAntología y comentarios de textos literarios :bsexto curso de bachillerato /cMartín Alonso. aMadrid :bCompañía Bibliográfica Española,c1961. a222 p. ;c22 cm. aEn la portada: texto aprobado por el Ministerio de Educación Nacional orden de 21 de octubre de 1958 (B.O.M. de E. N. no.°87). 4aLiteratura españolaxCrítica e interpretación94054 aBNGR 001054708MOaGRbGRcCTd2010-05-28iLF1l0o860.09 A454p19228-10r2020-06-25w2020-06-25y4ZPréstamo en sala c18746d18746